| 000 | 00557cab a2200205 4500 | ||
|---|---|---|---|
| 001 | ABS38434 | ||
| 008 | 090401t1987 xxu||||| |||| 00| 0 eng d | ||
| 035 | _a(Sirsi) u10553 | ||
| 041 | _aeng | ||
| 100 | _aClark, P. | ||
| 245 | _aOf acts and deeds and things | ||
| 260 | _c1987 | ||
| 350 | _a0 | ||
| 490 |
_aEstates Times _v(921) 20 November 1987, 12(1) |
||
| 520 | _aThis article examines what a deed is and the reasons why it should be used in property transactions. | ||
| 650 | _aDOCUMENTS | ||
| 690 | _aLAW | ||
| 942 | _n0 | ||
| 948 | _c04/03/1997 | ||
| 999 |
_c6673 _d6673 |
||